000 00718nam a2200289Ia 4500
005 20260324132632.0
008 008 260324s9999 xx 000 0 eng d
020 _a9780429233111
037 _aEBOOK
040 _aCRL
040 _beng
040 _cCRL
041 _2eng
041 _aeng
084 _qCRL
100 _aPhillip O'Hara
_91189909
245 0 _aGlobal Political Economy and the Wealth of Nations
245 0 _bPerformance, Institutions, Problems and Policies
260 _bTaylor and Francis
260 _c2004
365 _a
365 _b325
856 _uhttp://www.taylorfrancis.com/books/9780429233111
942 _cEBOOK
999 _c1788312
_d1788312